000 00503nam a2200181Ia 4500
008 090123s9999 xx 000 0 und d
082 _b3708
100 _aजयलक्ष्मी एम.के.
245 _aमायद बले
250 _a1
260 _c1974
300 _a229
600 _aजयलक्ष्मी एम.के.
630 _aमायद बले
700 _aजयलक्ष्मी एम.के.
730 _aमायद बले
942 _cBOOK
999 _c41787
_d41787